The effects of extensive reading on non-English major students' letter writing : Master of education. Program: Principles and methods in English language education
Nghiên cứu điều tra vai trò của đọc hiểu mở rộng trong việc viết thư của sinh viên không chuyên tiếng Anh.
Bewaard in:
| Hoofdauteur: | |
|---|---|
| Formaat: | Boek |
| Taal: | Undetermined |
| Gepubliceerd in: |
Cần Thơ
Trường Đại học Cần Thơ
2017
|
| Onderwerpen: | |
| Tags: |
Voeg label toe
Geen labels, Wees de eerste die dit record labelt!
|
| Thư viện lưu trữ: | Trung tâm Học liệu Trường Đại học Cần Thơ |
|---|
| LEADER | 00985nam a2200205Ia 4500 | ||
|---|---|---|---|
| 001 | CTU_225488 | ||
| 008 | 210402s9999 xx 000 0 und d | ||
| 082 | |a 428.007 | ||
| 082 | |b Đ406 | ||
| 100 | |a Phòng, Ngọc Đoan | ||
| 245 | 4 | |a The effects of extensive reading on non-English major students' letter writing : | |
| 245 | 0 | |b Master of education. Program: Principles and methods in English language education | |
| 245 | 0 | |c Phòng Ngọc Đoan ; Nguyễn Bửu Huân (Cán bộ hướng dẫn) | |
| 260 | |a Cần Thơ | ||
| 260 | |b Trường Đại học Cần Thơ | ||
| 260 | |c 2017 | ||
| 520 | |a Nghiên cứu điều tra vai trò của đọc hiểu mở rộng trong việc viết thư của sinh viên không chuyên tiếng Anh. | ||
| 650 | |a Tiếng Anh,English language | ||
| 650 | |x Dạy và học,Viết tiếng Anh,Written English,Study and teaching | ||
| 980 | |a Trung tâm Học liệu Trường Đại học Cần Thơ | ||